Statistics for All Ed Sheeran Songs

Click here to take the quiz!

General Stats

  • This quiz has been taken 905 times
    (282 since last reset)
  • The average score is 41 of 188

Answer Stats

AlbumSong% Correct
÷Perfect
85%
÷Shape of You
83%
÷Castle on the Hill
76%
Loose ChangeThe A Team
72%
÷Galway Girl
71%
xThinking Out Loud
70%
Jumpers for Goalposts: Live at Wembley StadiumDon't / No Diggity / Nina
69%
xDon't
66%
xPhotograph
65%
=Bad Habits
63%
=Shivers
62%
No. 5 Collaborations ProjectYou
61%
Spotify SessionLego House
59%
÷Supermarket Flowers
56%
xSing
54%
No.6 Collaborations ProjectI Don't Care
53%
You Need MeYou Need Me, I Don't Need You
49%
÷Barcelona
48%
÷Dive
48%
xOne
47%
÷Happier
45%
You Need MeSo
44%
÷Nancy Mulligan
43%
No.6 Collaborations ProjectBeautiful People
42%
=The Joker and The Queen
42%
÷Eraser
41%
-Eyes Closed
40%
+Give Me Love
40%
xI See Fire
40%
xNina
40%
xTenerife Sea
40%
-Boat
38%
No.6 Collaborations ProjectSouth of the Border
37%
xBloodstream
36%
+Drunk
35%
=Overpass Graffiti
35%
+Kiss Me
32%
+Small Bump
32%
=2step
31%
xI'm a Mess
31%
÷New Man
31%
No.6 Collaborations ProjectTake Me Back to London
31%
xAfire Love
30%
÷Bibia Be Ye Ye
30%
=Visiting Hours
30%
=Afterglow
29%
Autumn VariationsAmerican Town
28%
÷What Do I Know?
28%
÷How Would You Feel (Paean)
27%
xThe Man
27%
=Tides
27%
One TakeU.N.I.
27%
New SingleCelestial
26%
-Curtains
26%
+Grade 8
26%
No.6 Collaborations ProjectBlow
25%
-Salt Water
25%
+Autumn Leaves
24%
÷Hearts Don't Break Around Here
24%
÷Save Myself
24%
You Need MeThe City
24%
xEven My Dad Does Sometimes
23%
=Sandman
23%
Autumn VariationsBlue
22%
No.6 Collaborations ProjectCross Me
22%
-End of Youth
22%
=Collide
21%
-Dusty
21%
=First Times
21%
Loose ChangeLittle Bird
21%
Songs I Wrote with AmyCold Coffee
20%
Autumn VariationsEngland
20%
No.6 Collaborations ProjectRemember the Name
20%
xRunaway
20%
xShirtsleeves
20%
You Need MeSunburn
20%
+This
20%
No.6 Collaborations ProjectAntisocial
19%
-Borderline
19%
-Colourblind
19%
Sigue/Forever My LoveForever My Love
19%
-Life Goes On
19%
Autumn VariationsMagical
19%
Autumn VariationsPlastic Bag
19%
=Stop the Rain
19%
xTake It Back
19%
Jumpers for Goalposts: Live at Wembley StadiumTake It Back / Superstition
19%
-Vega
19%
Live at the BedfordWake Me Up
19%
xAll of the Stars
18%
Sigue/Forever My LoveSigue
18%
-Stoned
18%
-Sycamore
18%
-Toughest
18%
No.6 Collaborations ProjectBest Part of Me
17%
Songs I Wrote with AmyShe
17%
-The Hills of Aberfeldy
17%
-Wildflowers
17%
Loose ChangeFirefly
16%
+Gold Rush
16%
Autumn VariationsHead > Heels
16%
-Moving
16%
=Peru
16%
- | Ed SheeranSpark
16%
=Be Right Now
15%
=Love in Slow Motion
15%
No.6 Collaborations ProjectPut It All on Me
15%
Autumn VariationsSpring
15%
xTouch and Go
15%
No.6 Collaborations Project1000 Nights
14%
No.6 Collaborations ProjectI Don't Want Your Money
14%
=Leave Your Life
14%
Autumn VariationsPage
14%
=Penguins
14%
Loose ChangeSofa
14%
Autumn VariationsThe Day I Was Born
14%
Autumn VariationsWhen Will I Be Alright
14%
Autumn VariationsAmazing
13%
xEnglish Rose
13%
Songs I Wrote with AmyFall
13%
Loose ChangeHomeless
13%
=Merry Christmas
13%
Autumn VariationsMidnight
13%
-No Strings
13%
Autumn VariationsThat's On Me
13%
No.6 Collaborations ProjectFeels
12%
xMake It Rain
12%
No.6 Collaborations ProjectNothing on You
12%
Autumn VariationsPunchline
12%
Newer SingleF64
11%
xNew York
11%
=One Life
11%
=Welcome to the World
11%
Newest SingleA Beautiful Game
10%
Loose ChangeOne Night
10%
You Need MeBe Like You
9%
No. 5 Collaborations ProjectFamily
9%
Songs I Wrote with AmyFire Alarms
9%
No. 5 Collaborations ProjectRadio
9%
No. 5 Collaborations ProjectLately
8%
xLay It All on Me
8%
No. 5 Collaborations ProjectLittle Lady
8%
No. 5 Collaborations ProjectNightmares
8%
Spotify SinglesBaby One More Time
7%
No. 5 Collaborations ProjectDrown Me Out
7%
xFriends
7%
No. 5 Collaborations ProjectGoodbye to You
7%
=I Will Remember You
7%
Loose ChangeLet It Out
7%
The Slumdon BridgeLondon Bridge
7%
Songs I Wrote with AmyWhere We Land
7%
The Orange RoomI Love You
6%
The Orange RoomMoody Ballad of Ed
6%
The Orange RoomAddicted
5%
The Slumdon BridgeFaces
5%
The Orange RoomMisery
5%
The Orange RoomTypical Average
5%
The Slumdon BridgeYou Don't Know (For F**k's Sake)
5%
xEverything You Are
4%
Ed SheeranQuiet Ballad of Ed
4%
Want Some?Sara
4%
Want Some?Smile
4%
Ed SheeranThe Sea
4%
Want Some?Two Blokes and a Double Bass
4%
Want Some?You Need to Cut Your Hair
4%
Ed SheeranBeyond the Pale
3%
Ed Sheeran(Billy Ruskin)
3%
Want Some?I Can't Spell
3%
Want Some?I'm Glad I'm Not You
3%
Ed SheeranIn Memory
3%
Ed SheeranInsomniac's Lullaby
3%
Want Some?Move On
3%
Ed SheeranNo Luck
3%
Ed SheeranOpen Your Ears
3%
Ed SheeranPause
3%
Want Some?Postcards
3%
Ed SheeranStevensong
3%
Want Some?The West Coast of Clare
3%
One TakeWayfaring Stranger
3%
Ed SheeranWay Home
3%
Want Some?Yellow Pages
3%
Want Some?You Break Me
3%
Revamp & RestorationCandle in the Wind
2%
Jumpers for Goalposts: Live at Wembley StadiumDon't Go Breaking My Heart
2%
No.6 Collaborations ProjectWay to Break Your Heart
2%
The Slumdon BridgeTone
1%
Want Some?You Break Me 2
1%

Score Distribution

Percentile by Number Answered

Percent of People with Each Score

Your Score History

You have not taken this quiz since the last reset